00598nam a2200193Ia 450000500170000000800410001702000180005804000180007604100080009408200220010210000180012424500630014225000360020526000520024130000120029365000400030565000290034565000300037420220304141813.0210716s2011 xx 000 0 und d a9789352028375 cAIMIT LIBRARY aeng a658.303 22bRAOP aRao, P Subba. aInternational human resource management /cBy P Subba Rao. a2nd ed.bSecond revised edition aNew Delhi :bHimalaya Publishing House ;c2011. a470p. ; aSocial and cultural context of IHRM aTraining and development aCompensation and benefits